| 000 | 05062nam a2200349 4500 | ||
|---|---|---|---|
| 001 | 254 | ||
| 003 | OSt | ||
| 005 | 20250528074016.0 | ||
| 008 | 250220b |||||||e |||| 00| 1 eng d | ||
| 040 | _bpor | ||
| 041 |
_hita _apor |
||
| 082 |
_a853 _bB664d |
||
| 100 | 1 |
_aBoccaccio, Giovanni, _d1313-1375 _9465 |
|
| 240 | _aDecameron | ||
| 245 |
_aDecamerão / _cBoccaccio, Giovanni ; Tradução de Torrieri Guimarães |
||
| 250 | _a2° edição | ||
| 260 |
_aSão Paulo _bAbril _c1971 |
||
| 300 | _a582 p. | ||
| 490 | 1 |
_aOs imortais da Literatura Universal _vvol. 05 |
|
| 520 | _aCom subtítulo de "Príncipe Galeotto", o Decamerão marca com certa nitidez o período de transição vivido na Europa com o fim da Idade Média, após o advento da Peste Negra - aliás é neste período de terror que a narrativa se passa. Dez jovens (sete moças e três rapazes) fogem das cidades tomadas pela pandemia que dizimava impiedosamente o continente europeu ao se recolherem a uma casa de campo. Aconselhados por Pampinéia, a mais velha entre as mulheres, estabaleceram que escolheriam um chefe para o grupo para cada dia. Sendo ela a primeira escolhida, definiu: "(...)Para os que vierem depois, o processo de escolha será o seguinte: quando se vier aproximando a hora do surgimento de Vênus, no céu, à tarde, o chefe será, à vez de cada um, escolhido por aquele, ou aquela, que estiver comandando durante o dia.(...)" O Decamerão, rompendo com a mítica literatura medieval, é considerado o primeiro livro realista da literatura. As circunstâncias descritas em Decamerão têm o senso medieval de numerologia e significados místicos. Por exemplo, é amplamente acreditado que as sete moças representam as Quatro Virtudes Cardinais (Prudência, Justiça, Fortaleza, Temperança) e as Três Virtudes Teologais (Fé, Esperança e Caridade). E mais além é suposto que os três homens representam a Divisão da Alma em Três Partes (Razão, Ira e Luxúria) da tradição helênica. As moças tinham idade entre 18 e 28 anos, eram bonitas e de origem nobre, e de comportamento honesto. Agrupadas por acaso na igreja de Santa Maria Novela, resolvem continuar juntas e logo surgem três moços, com idade a partir dos 25 anos, agradáveis e bem educados, que procuravam suas amadas, que eram 3 das moças ali reunidas. Ele foi levado aos tribunais(Onde utilizou a famosa frase "Emma Bovary c'est moi" (Emma Bovary sou eu) para se defender das acusações) acusado de ofensa à moral e à religião, num processo contra o autor e também contra Laurent Pichat, diretor da revista Revue de Paris, em que a história foi publicada pela primeira vez, em episódios e com alguns pequenos cortes. A Sexta Corte Correcional do Tribunal do Sena absolveu Flaubert, mas o mesmo procedimento não foi adotado pelos críticos puritanos da época, que não perdoaram o autor pelo tratamento cru que ele tinha dado, no romance, ao tema do adultério, pela crítica ao clero e à burguesia: (Gostava do mar apenas pelas suas tempestades e da verdura só quando a encontrava espalhada entre ruínas. Tinha necessidade de tirar de tudo uma espécie de benefício pessoal e rejeitava como inútil o que quer que não contribuísse para a satisfação imediata de um desejo do seu coração - tendo um temperamento mais sentimental do que artístico e interessando-se mais por emoções do que por paisagens. É considerada por alguns autores como a primeira obra da literatura realista. Gustave Flaubert (1821-1880), o criador deste que é por muitos considerado o ápice da narrativa longa do século XIX - o chamado século de ouro do romance. Flaubert, o esteta, aquele que buscava o mot juste (a palavra exata) e burilava os seus textos por anos a fio, imbuiu-se da consciência e da sensibilidade da sua personagem. Atingiu, com a irretocável prosa de Madame Bovary, um dos mais altos graus de penetração e análise psicológica da literatura universal. Madame Bovary é uma obra capital na literatura do seu tempo, um daqueles livros que dão início a uma época literária. Tomando propositadamente um tema sem grandeza aparente, Flaubert quis obrigar o seu talento a enfrentar dificuldades técnicas que o levassem a vencer o romantismo exacerbado que o dominava. O resultado foi a obra-prima que o leitor tem em mãos e que Émile Zola descreveu da seguinte maneira: «Quando Madame Bovary apareceu, foi uma completa revolução literária. Teve-se a impressão de que a fórmula do romance moderno, esparsa pela obra colossal de Balzac, fora reduzida e claramente enunciada nas quatrocentas páginas de um único livro. Estava escrito o código da nova arte». | ||
| 650 | 0 |
_aLiteratura italiana _9164 |
|
| 650 | 0 |
_aHistórico _953 |
|
| 650 | 0 |
_aPolêmica _9117 |
|
| 650 | 0 |
_aEsoterismo _9415 |
|
| 650 | 0 |
_aClássicos _977 |
|
| 650 | 0 |
_aMedieval _9170 |
|
| 655 | 0 |
_aRomance _923 |
|
| 655 | 0 |
_aFicção _922 |
|
| 700 |
_aTorrieri Guimrães _eTradutor _9466 |
||
| 830 |
_aOs Imortais da Literatura Universal _vvol. 05 _9461 |
||
| 942 |
_2ddc _n0 _cBK |
||
| 999 |
_c254 _d254 |
||